Evaluación de la calidad de servicio universitario desde la percepción de estudiantes y docentes (Record no. 171954)
[ view plain ]
| 000 -CABECERA | |
|---|---|
| campo de control de longitud fija | 01949cab a2200253 ab4500 |
| 005 - FECHA Y HORA DE LA ÚLTIMA TRANSACCIÓN | |
| campo de control | 20260415064226.0 |
| 008 - ELEMENTOS DE LONGITUD FIJA--INFORMACIÓN GENERAL | |
| campo de control de longitud fija | 991125c2014 sp qr p o 000 0 spa d |
| 035 ## - NÚMERO DE CONTROL DEL SISTEMA | |
| Número de control de sistema | UPN01000199853 |
| 040 ## - FUENTE DE LA CATALOGACIÓN | |
| Centro catalogador/agencia de origen | MX-MxUPN |
| Lengua de catalogación | spa |
| Centro/agencia transcriptor | MX-MxUPN |
| Normas de descripción | aacr |
| 049 ## - COLECCIÓN | |
| Colección | ART-E |
| 100 1# - ASIENTO PRINCIPAL--NOMBRE PERSONAL | |
| Nombre de persona | Tumino, Marisa Cecilia |
| Enlace | - evaluacionsecu@uap.edu.ar |
| 100 1# - ASIENTO PRINCIPAL--NOMBRE PERSONAL | |
| Nombre de persona | Poitevin, Evelyn Ruth |
| 245 10 - MENCIÓN DE TÍTULO | |
| Título | Evaluación de la calidad de servicio universitario desde la percepción de estudiantes y docentes |
| Resto del título | : caso de estudio |
| Medio | [recurso electrónico en línea] |
| 506 0# - NOTA DE RESTRICCIONES AL ACCESO | |
| Limitaciones de acceso | Acceso abierto |
| 520 3# - NOTA DE RESUMEN, ETC. | |
| Sumario, etc. | Se plantea la evaluación de la calidad de los servicios universitarios de una universidad privada de Argentina desde la percepción de estudiantes y docentes. Para ello se adecuó la escala de Capelleras y Veciana (2004), basados en el modelo SERVQUAL, y se incorporaron ítems que atienden a otros aspectos del servicio universitario tales como los que proponen Rubio Gómez, Aguilar Feijoo, Massa Sánchez, Maldonado y Ramírez Asanza (2005), referentes a la adecuación de los programas, a la evaluación del aprendizaje y a la efectividad de los procesos administrativos. La escala de 42 variables relativas a las percepciones de la calidad de los servicios, y a las condiciones de la institución para ofrecerlos, se aplicó a una muestra de 454 estudiantes y 64 docentes. Los resultados mostraron consistencia interna y el Análisis de Factores identificó ocho dimensiones que permiten proponer mejoras en atención a lo que exhiben los resultados obtenidos. |
| 650 #4 - ASIENTO SECUNDARIO DE MATERIA - TERMINO TEMATICO | |
| Término de materia o nombre geográfico como elemento de entrada | Calidad de la educación |
| 9 (RLIN) | 4684 |
| 650 #4 - ASIENTO SECUNDARIO DE MATERIA - TERMINO TEMATICO | |
| Término de materia o nombre geográfico como elemento de entrada | Evaluación educativa |
| 9 (RLIN) | 4298 |
| 650 #4 - ASIENTO SECUNDARIO DE MATERIA - TERMINO TEMATICO | |
| Término de materia o nombre geográfico como elemento de entrada | Educación superior |
| 9 (RLIN) | 32 |
| 650 #2 - ASIENTO SECUNDARIO DE MATERIA - TERMINO TEMATICO | |
| 9 (RLIN) | 21997 |
| Término de materia o nombre geográfico como elemento de entrada | ESCUELAS PRIVADAS |
| 773 ## - ENLACE AL DOCUMENTO FUENTE/ENTRADA DE REGISTRO ANFITRIÓN | |
| Parte(s) relacionada(s) | Vol. 12, no. 2 (2014), p. 63-84 |
| Título | REICE : revista iberoamericana sobre calidad, eficacia y cambio en educación |
| 856 4# - LOCALIZACIÓN Y ACCESO ELECTRÓNICOS | |
| Identificador Uniforme del Recurso | <a href="http://www.rinace.net/reice/numeros/arts/vol12num2/art4.pdf">http://www.rinace.net/reice/numeros/arts/vol12num2/art4.pdf</a> |
| 905 ## - TIPO DE MATERIAL | |
| Tipo de material | Articulo |
| 942 ## - ELEMENTOS DE PUNTO DE ACCESO ADICIONAL (KOHA) | |
| Tipo de ítem Koha | Artículo Electrónico |
| Estado de retiro | Estado de pérdida | Estado dañado | No para préstamo | Código de colección | Localización permanente | Ubicación/localización actual | Ubicación en estantería | Fecha de adquisición | Fecha visto por última vez | Identificador Uniforme del Recurso | Tipo de ítem Koha |
|---|---|---|---|---|---|---|---|---|---|---|---|
| Acceso abierto | Bib. Gregorio Torres Quintero | Bib. Gregorio Torres Quintero | En línea | 02/08/2022 | 02/08/2022 | http://www.rinace.net/reice/numeros/arts/vol12num2/art4.pdf | Artículo Electrónico |
